Бухгалтерский учет. Сборник задач Учебное пособие
Содержание сборника задач включает тематику теоретических основ бухгалтерского учета которая соответствует учебным стандартам но курсу «Теория бухгалтерского учета». Задачи сборника направлены на изучение основных положений теории бухгалтерского учета: классификации хозяйственных средств и источнико...
Wedi'i Gadw mewn:
| Prif Awdur: | |
|---|---|
| Fformat: | Учебное пособие |
| Rhifyn: | 1 |
| Cyfres: | Высшее образование |
| Mynediad Ar-lein: | https://znanium.ru/catalog/document?id=446834 https://znanium.ru/cover/2074/2074384.jpg |
| Tagiau: |
Ychwanegu Tag
Dim Tagiau, Byddwch y cyntaf i dagio'r cofnod hwn!
|
| LEADER | 03573nam0a2200361 i 4500 | ||
|---|---|---|---|
| 001 | RU\infra-m\znanium\bibl\2074384 | ||
| 003 | https://znanium.ru/catalog/document?id=446834 | ||
| 005 | 20250319000000.0 | ||
| 010 | |a 978-5-8199-0427-5 | ||
| 010 | |a 978-5-16-102905-3 |b электр. издание | ||
| 010 | |a 978-5-16-004047-9 |b ISBN соиздателя | ||
| 100 | |a 20250319d2024 m y0rusy0150 ca | ||
| 101 | 0 | |a rus | |
| 102 | |a RU | ||
| 200 | 1 | |a Бухгалтерский учет. Сборник задач |e Учебное пособие |f Российская академия народного хозяйства и государственной службы при Президенте РФ, ф-л Среднерусский институт управления |g Орловский государственный аграрный университет им. Н.В. Парахина | |
| 205 | |a 1 | ||
| 210 | 1 | |a Москва |c Издательский Дом "ФОРУМ" |d 2024 | |
| 215 | |a 208 с. | ||
| 225 | 1 | |a Высшее образование | |
| 330 | |a Содержание сборника задач включает тематику теоретических основ бухгалтерского учета которая соответствует учебным стандартам но курсу «Теория бухгалтерского учета». Задачи сборника направлены на изучение основных положений теории бухгалтерского учета: классификации хозяйственных средств и источников счетов и двойной записи учета хозяйственных операций и процессов. Каждая тема раскрывает один из методов бухгалтерского учета во взаимосвязи с другими методами. Сборник задач предусмотрен для студентов и слушателей по направлению подготовки 38.03.01 «Экономика» (профиль «Финансы и кредит») практического применения преподавателями и аспирантами а также бухгалтерами экономистами аудиторами. | ||
| 333 | |a ВО - Бакалавриат | ||
| 606 | |a Экономика. Бухгалтерский учет. Финансы |x Основы бухгалтерского учета |2 local | ||
| 608 | |a Учебное пособие |2 local | ||
| 675 | |a 657(075.8) |z rus | ||
| 686 | |a 65.053я73 |2 rubbk | ||
| 686 | |a 38.03.01 |2 okso | ||
| 686 | |a 38.04.01 |2 okso | ||
| 686 | |a 38.04.08 |2 okso | ||
| 700 | 1 | |a Кыштымова |b Е.А. |g Евгения Александровна |p Российская академия народного хозяйства и государственной службы при Президенте РФ, ф-л Среднерусский институт управления | |
| 712 | 0 | 2 | |a Орловский государственный аграрный университет им. Н.В. Парахина |
| 801 | 0 | |a RU |b Общество с ограниченной ответственностью «ЗНАНИУМ» |c 20230529 |2 rusmarc | |
| 856 | 4 | |a znanium.ru |m ebs_support@infra-m.ru |n НИЦ ИНФРА-М |u https://znanium.ru/catalog/document?id=446834 | |
| 856 | 4 | 1 | |a znanium.ru |d /cover/2074 |f 2074384.jpg |q image/jpeg |u https://znanium.ru/cover/2074/2074384.jpg |